000
00336 a2200157 4500
001
184834
020
_a
85-85645-02-04
040
_c
Magnum
100
_a
Andrade, Wagner Matias de
240
1
0
_a
A gangue e o 5s
_l
por
245
1
0
_a
A gangue e o 5s
300
_a
103
362
0
_a
1994
697
_a
LITERATURA JUVENIL
942
_c
BK
999
_c
184834
_d
184834